Managing information information systems for today's general manager / (Record no. 1795)

000 -LEADER
fixed length control field 01043pam a2200289 a 4500
001 - CONTROL NUMBER
control field 2454415
003 - CONTROL NUMBER IDENTIFIER
control field OSt
005 - DATE AND TIME OF LATEST TRANSACTION
control field 20150512153249.0
008 - FIXED-LENGTH DATA ELEMENTS--GENERAL INFORMATION
fixed length control field 890810s1990 enkab b 001 0 eng
010 ## - LIBRARY OF CONGRESS CONTROL NUMBER
LC control number 89035991
020 ## - INTERNATIONAL STANDARD BOOK NUMBER
International Standard Book Number 0077070860 :
Terms of availability £24.95
040 ## - CATALOGING SOURCE
Original cataloging agency DLC
Transcribing agency DLC
Modifying agency DLC
050 00 - LIBRARY OF CONGRESS CALL NUMBER
Classification number HF5548.2.K568 1990
082 00 - DEWEY DECIMAL CLASSIFICATION NUMBER
Classification number 658.4/038
Edition number 20
100 1# - MAIN ENTRY--PERSONAL NAME
Personal name Knight, A. V.
245 10 - TITLE STATEMENT
Title Managing information information systems for today's general manager /
Statement of responsibility, etc A.V. Knight, D.J. Silk.
260 ## - PUBLICATION, DISTRIBUTION, ETC. (IMPRINT)
Place of publication, distribution, etc London ;
-- New York :
Name of publisher, distributor, etc McGraw-Hill,
Date of publication, distribution, etc c1990.
300 ## - PHYSICAL DESCRIPTION
Extent x, 258 p. :
Other physical details ill., map ;
Dimensions 24 cm.
440 #4 - SERIES STATEMENT/ADDED ENTRY--TITLE
Title The Henley management series
504 ## - BIBLIOGRAPHY, ETC. NOTE
Bibliography, etc Includes bibliographical references (p. 251-252) and index.
650 #0 - SUBJECT ADDED ENTRY--TOPICAL TERM
Topical term or geographic name as entry element Business
General subdivision Data processing.
650 #0 - SUBJECT ADDED ENTRY--TOPICAL TERM
Topical term or geographic name as entry element Management information systems.
700 1# - ADDED ENTRY--PERSONAL NAME
Personal name Silk, D. J.
Fuller form of name (David J.)
906 ## - LOCAL DATA ELEMENT F, LDF (RLIN)
a 7
b cbc
c orignew
d 1
e ocip
f 19
g y-gencatlg
942 ## - ADDED ENTRY ELEMENTS (KOHA)
Source of classification or shelving scheme
Koha item type Book
Holdings
Withdrawn status Lost status Source of classification or shelving scheme Damaged status Not for loan Home library Current library Shelving location Date acquired Total Checkouts Full call number Barcode Date last seen Date checked out Copy number Price effective from Koha item type
          Riara University Library Riara University Library General stack 12/05/2015 2 HF5548.2.K568 1990 5695/15 27/07/2015 03/07/2015 C.1 12/05/2015 Book

Riara University Library,
P.O. Box 49940-00100,
Nairobi, Kenya.